000 01879cam a22005174i 4500
003 PE-LiUPU
005 20250731170434.0
008 150623s r 000 0 d
035 _a(Sirsi) a28843
040 _aPE-LiUPU
_bspa
_cPE-LiUPU
_erda
082 0 4 _a148.9
_bM26
_221
100 1 _aMarzal, Manuel M.,
_eautor.
245 1 3 _aEl Sincretismo Iberoamericano :
_bUn estudio comparativo sobre los quechuas (Cuzco), los mayas(Chiapas) y los Africanos(Bahía).
264 1 _aLima :
_bPontificia Universidad Catolica del Perú,
_c1985.
300 _a237 páginas ;
_c20.5 cm.
336 _atext
_2rdacontent
337 _aunmediated
_2rdamedia
338 _avolume
_2rdacarrier
505 0 _aLa etnología religiosa andina. -La etnografia religiosa maya. -La etnografia religiosa afrobrasileña. -Historia de la evangelizacion andina. -Historia de la evangelizacion maya. -Historia de la evangelizacion afro-bahianas. El sincretismo andino, maya y africano. -La interpretacion teologica del sincretismo andino, maya y africano.
526 _aSEG68
526 _aSEG70
526 _aSEG69
526 _aSEG67
526 _aSEG43
526 _aP144
526 _aP143
526 _aP131
526 _aP122
526 _aP120
526 _aP117
526 _aP112
526 _aP110
526 _aP106
526 _aP101
526 _aP80
526 _aP59
526 _aP54
526 _aP35
526 _aP33
526 _aP30
942 _2ddc
_cBOOK
949 _a148.9 M26
_wDEWEY
_c1
_i36302
_lCCODEBUL1
_mBUL
_p00.00
_r0
_sY
_tBOOK
_u2015-06-24
_xBIBLIOTECA
_zUNKNOWN
_0COMPRA
_o.STAFF. Colección General
596 _a1
999 _a148.9 M26
_wDEWEY
_c36135
_i36302
_f2021-11-5
_g6
_lCCODEBUL1
_mBUL
_r0
_sY
_tBOOK
_u2015-6-24
_xBIBLIOTECA
_zUNKNOWN
_0COMPRA
_o.STAFF. Colección General
_d36135
980 _81
_gALBERTO SANCHEZ Responsable de Automatización